000 00513nam a22001817a 4500
003 OSt
008 260430b |||||||| |||| 00| 0 eng d
082 _a634.44
_bS48E
100 _aSinha, Smita
245 _aEffect of Post-Harvest Application of Chemicals, Hot water and Wrappers on Shelf Life of Mango CV. Dashehari
260 _aPusa, Samastipur
_bRAU
_c2008
300 _a47P.
502 _bMsc.
_d2008
650 _aFruit & Fruit Technology
650 _aHorticulture
650 _aMsc.
942 _2ddc
_cT
999 _c50333
_d50333